000 00791cam a2200193 i 4500
005 20251108175131.0
008 250721s2010 ua a gr 000 0 ara d
020 _a9789776279681
082 1 4 _a005.133
_bف ت ح
100 1 _aفتحي، أسامة محمد
_eمؤلف.
245 1 0 _aأوراكل 11G (كتاب واحد يضم كيفية إدارة قواعد بيانات أوراكل و كيفية تصميم برامج اوراكل) /
_cاسامة محمد فتحي.
250 _aالطبعة الاولى.
264 1 _aالإسكندرية :
_bدار البراء لنشر وتوزيع الكتب العلمية،
_c2010.
300 _a303 صفحة.
650 1 7 _aلغة البرمجة.
650 1 7 _aالبرمجة.
942 _2ddc
_cBK
999 _c126965
_d126965